| 000 | 00593nam a22002057a 4500 | ||
|---|---|---|---|
| 005 | 20250328110837.0 | ||
| 010 | _aENG-144345 | ||
| 020 |
_c1195.00 _a9788186772836 |
||
| 035 | _aEN-127877 | ||
| 037 | _bDBAD/PUB | ||
| 082 | _a320.954 | ||
| 100 |
_aSahoo Jitendra _979992 |
||
| 245 |
_aIndia in Globalized Era / _cJitendra Sahoo |
||
| 260 |
_a Daryaganj _bNew Academic Publishers _c2015 |
||
| 270 |
_b NewDelhi _a476061,23,Ansari Road _e110002 |
||
| 300 |
_a244p. _c22cm(hb) |
||
| 700 |
_aJitendra Sahoo _979993 |
||
| 710 | _959600 | ||
| 942 |
_2ddc _cEN _h320.954 _mSAH |
||
| 999 |
_c210561 _d210561 |
||